Mala diabo! (Registo nº 4120)
[ vista simples ]
| 000 -Etiqueta do registo | |
|---|---|
| Cabeçalho | 00776cam a2200289 4500 |
| 005 - Identificador da versão | |
| Campo de controlo | 20240813122053.0 |
| 010 ## - Número internacional normalizado dos livros (ISBN) | |
| Número (ISBN) | 9728769857 |
| 021 ## - Número do Depósito Legal | |
| Código do país | PT |
| Número | 195244/03 |
| 100 ## - Dados gerais de processamento | |
| Dados gerais de processamento | 20040310d2003 c y0pory5003 ba |
| 102 ## - Pais de publicação ou produção | |
| País de publicação | Portugal |
| 101 0# - Língua de publicação | |
| Língua do texto, banda sonora, etc. | Português |
| 106 ## - Campo de dados codificados: material textual | |
| Dados codificados do material textual | r |
| 105 ## - Campo de dados codificados: livros | |
| Dados codificados dos livros | a z 000yy |
| 215 ## - Descrição física | |
| Indicação específica da natureza do documento e extensão da espécie | [17] p. |
| Outras indicações físicas | il. |
| Dimensões | 30 cm |
| 200 1# - Titulo e menção de responsabilidade | |
| Título próprio | Mala diabo! |
| Primeira menção de responsabilidade | José Vaz |
| Outras menções de responsabilidade | il. Helena Magalhães |
| 225 1# - Colecção | |
| Título próprio da colecção | Contos do pé da porta |
| Indicação de volume | 1 |
| 205 ## - Menção da edição | |
| Menção da edição | 1ª ed |
| 210 ## - Publicação, Distribuição, etc. | |
| Lugar da edição, distribuição, etc. | Canelas VNG |
| Nome do editor, distribuidor, etc. | Gailivro |
| Data da publicação, distribuição, etc. | 2003 |
| 675 ## - Classificação Decimal Universal (CDU) | |
| Notação | 087.5 |
| Edição | BN |
| Língua da edição | por |
| Notação | 821.134.3-93"19" |
| Edição | BN |
| Língua da edição | por |
| Notação | 821.134.3-34"19" |
| Edição | BN |
| Língua da edição | por |
| 702 #1 - Nome de autor-pessoa física (responsabilidade secundária) | |
| Número de registo de entrada de autoridade | 0000010 |
| Palavra de ordem | Magalhães |
| Outra parte do nome não tomada para palavra de ordem | Helena |
| Código de função | Ilustrador / Técnico de desenho computorizado |
| 700 #1 - Nome de autor-pessoa física (responsabilidade principal) | |
| Número de registo de entrada de autoridade | 0000003 |
| Palavra de ordem | Vaz |
| Outra parte do nome não tomada para palavra de ordem | José |
| Datas | 1940- |
| 942 ## - Elementos de entrada adicionados (Koha) | |
| Tipo de item no Koha | Livro |
| Situação do levantamento | Origin of item (home branch) (coded) | Biblioteca de empréstimo | Código de barras | Cota | Circulation type (not for loan) | Tipo de documento | Nota do exemplar | Damaged status |
|---|---|---|---|---|---|---|---|---|
| Biblioteca Escolar das Vendas | Biblioteca Escolar das Vendas | BEV1827 | 8POR VAZ | Livro | Sem mensagem |
